Представление документа в формате RUSMARC

ПолеНазваниеЗначение
  Тип записи a
  Библиографический уровень m
001 Контрольный номер UONB/MAIN/336c6125479140178029d553e886ab7e
005 Дата корректировки 20260409105813.7
010 Индекс ISBN __
d Цена 24 к.
9 Тираж 500 экз.
100 Данные общей обработки __
a Данные общей обработки 20260409d1976 u y0rusy0189 ca
101 Язык документа 1_
a Язык текста rum
102 Страна публикации __
a Страна публикации RU
105 Кодированные данные (монография) __
a Кодированные данные (монография) a z 000yy
200 Заглавие и сведения об ответственности 1_
a Заглавие Живопись Александра Чукуренку
e Сведения, относящиеся к заглавию Скульптура Иона Иримеску
e Сведения, относящиеся к заглавию каталог выставки
e Сведения, относящиеся к заглавию перевод с румынского
f Первые сведения об ответственности Министерство культуры СССР [и др.]
203 Вид содержания и тип средства __
a Вид содержания Текст
b Характеристика содержания визуальный
c Тип средства непосредственный
210 Выходные данные 1_
a Место издания Москва
c Издательство Советский художник
d Дата издания 1976
215 Физическое описание __
a Объем [18] с.
c Иллюстрации/тип воспроизводства ил.
d Формат 21 см
606 Тематические рубрики 0_
a Основная рубрика Румынская живопись, 20 в.
y Географическая подрубрика Москва
z Хронологическая подрубрика 1976
j Формальный подзаголовок Выставки
606 Тематические рубрики 0_
a Основная рубрика Румынская скульптура, 20 в.
y Географическая подрубрика Москва
z Хронологическая подрубрика 1976
j Формальный подзаголовок Выставки
610 Ключевые слова 0_
a Ключевые слова румынская живопись; румынская живопись 20 в.; румынская скульптура
675 Индекс УДК __
a Индекс УДК 75И-9
686 Индексы других классификаций __
a Классификационный индекс 85.143(4Р)
2 Код системы rubbk
710 Наименование организации. (Первичная ответственность) 02
a Организация/ юрисдикция Чукуренку, Александру
b Другие уровни Иримеску, Ион
c Дополнение к наименованию Выставка произведений
e Место проведения Москва
f Дата проведения 1976
4 Код отношения 570
712 Наименование организации (Вторичная ответственность) 02
a Организация/ юрисдикция Министерство культуры СССР
b Другие уровни Совет по культуре и социальному воспитанию СРР
b Другие уровни Союз художников СССР
4 Код отношения 570
801 Источник записи _0
a Страна RU
b Организация Ульяновская ОНБ
c Дата составления 20260409
g Правила каталогизации RCR
801 Источник записи _1
a Страна RU
b Организация Ульяновская ОНБ
c Дата составления 20260409
g Правила каталогизации RCR
901 Тип документа __
t Тип документа m
909 Создатель записи __
a Создатель записи Мичурина
b Дата создания записи 20260409